La caduta del patriarcato : la storia del sessismo, la lotta e la resistenza delle donne /

Un graphic novel perfetto per scoprire la storia del patriarcato e l'importanza delle battaglie femministe. Nel corso della Storia, le femministe sono state derise e perseguitate in tutto il mondo: nel Settecento alcune di loro, tra le più famose, furono decapitate e nell'Ottocento le suffragette fi...

詳細記述

保存先:
書誌詳細
第一著者: Breen, Marta (著者)
その他の著者: Jordahl, Jenny (イラストレーター), Tonzig, Alice (翻訳家)
フォーマット: 図書
言語:イタリア語
出版事項: San Dorligo della Valle : Einaudi ragazzi, 2022
シリーズ:Varia Einaudi ragazzi ; 220
主題:
タグ: タグ追加
タグなし, このレコードへの初めてのタグを付けませんか!

MARC

LEADER 00000nam a22000007i 4500
001 IT\ICCU\UBO\4629237
003 ItRI
005 20260115232132.0
008 220627s2022 it |||||| ||||| |||||c
020 |a 9788866567479 
040 |b ita  |c importazione bologna sebina 
041 7 |a ita  |2 ISO-639-2 
082 |a 741.59481  |9 FUMETTI, ROMANZI A FUMETTI, FOTOROMANZI, VIGNETTE, CARICATURE, STRISCE A FUMETTI. Norvegia  |2 23 
100 1 |a Breen, Marta  |0 IT\ICCU\RT1V\037889  |4 aut 
240 1 0 |a Patriarkatet faller  |3 IT\ICCU\UBO\4629242  |9 Breen, Marta 
245 1 3 |a La caduta del patriarcato :  |b la storia del sessismo, la lotta e la resistenza delle donne /  |c Marta Breen, Jenny Jordahl. 
260 |a San Dorligo della Valle :  |b Einaudi ragazzi,  |c 2022 
300 |a 1 volume (senza paginazione) :  |b fumetti ;  |c 25 cm 
500 |a Traduzione di Alice Tonzig 
520 |a Un graphic novel perfetto per scoprire la storia del patriarcato e l'importanza delle battaglie femministe. Nel corso della Storia, le femministe sono state derise e perseguitate in tutto il mondo: nel Settecento alcune di loro, tra le più famose, furono decapitate e nell'Ottocento le suffragette finirono in carcere! Ancora oggi, in Paesi come l'Iran e l'Arabia Saudita, le attiviste vengono imprigionate. Le femministe sono state bollate come isteriche, aggressive e poco attraenti. Tuttavia, nelle nuove generazioni emergono costantemente ragazze e donne che portano avanti con orgoglio le loro battaglie. L'autrice Marta Breen e l'illustratrice Jenny Jordahl si sono distinte per aver raccontato la storia delle donne in numerose pubblicazioni. In questo libro accompagnano il lettore in un viaggio attraverso la storia culturale del patriarcato. Con una buona dose di umorismo mostrano come le donne abbiano combattuto contro l'oppressione, raccontando come uomini da Aristotele a Woody Allen abbiano descritto il mondo attraverso il filtro del loro maschilismo. E eleggendo alla fine il peggior sessista di tutti i tempi! 
650 7 |a Sessismo  |2 nsbncf 
700 1 |a Jordahl, Jenny  |0 IT\ICCU\RT1V\037890  |4 ill 
700 1 |a Tonzig, Alice  |0 IT\ICCU\UBOV\358694  |4 trl 
830 0 |a Varia Einaudi ragazzi ;  |v 220  |0 IT\ICCU\TSA\1643623 
942 |2 ddc  |c BK  |n 0 
952 |0 0  |1 0  |4 0  |6 F_741_594000000000000_BRE  |7 0  |9 20652  |a BO  |b BO  |d 2026-01-15  |i 19739  |l 0  |o F 741.594 BRE  |p BO19739  |r 2026-01-15 23:21:32  |w 2026-01-15  |x [Sebina 5] [1 v.]  |y BK  |z 1 v. 
999 |c 17638  |d 17638